| 000 | 01090nam a2200265 i 4500 | ||
|---|---|---|---|
| 001 | 166131 | ||
| 003 | ES-MaACL | ||
| 005 | 20260306063017.0 | ||
| 008 | 971209s1883 sp a |||| | spa d | ||
| 040 |
_aNA _bspa _cNA |
||
| 100 | 1 |
_aTennyson, Alfred Tennyson, _cBaron, _d1809-1892 _9162209 |
|
| 245 | 1 | 0 |
_aPoemas / _cde Alfredo Tennyson ; puestos en castellano por Vicente de Arana ; é ilustrados con dibujos originales de José Riudavets. |
| 260 |
_aBarcelona : _bC. Verdaguer, _c1883. |
||
| 300 |
_aXXII, 302 p. : _bil. ; _c21 cm. |
||
| 490 | 1 | _aBiblioteca Verdaguer | |
| 505 | 8 | _aContiene: Enoch Arden ; Gareth y Lynette ; Merlin y Bibiana ; La Reina Ginebra ; Dora ; La Maya | |
| 530 | _aDisponible en formato digital. | ||
| 700 | 0 |
_aArana, Vicente de. _922254 |
|
| 700 | 1 |
_aRiudavets, José María ( _d1840-1902) _9131844 |
|
| 830 | 0 |
_aBiblioteca Verdaguer _9188206 |
|
| 852 |
_aES-MaACL _jB-738 _z-- Enc. tela |
||
| 856 |
_uhttp://bdh-rd.bne.es/viewer.vm?id=0000193939&page=1 _zBiblioteca Digital Hispánica |
||
| 999 |
_c166131 _d166131 |
||